000 nam a22 4500
999 _c9178
_d9178
008 180416b ||||| |||| 00| 0 eng d
100 _927390
_aMiraflor, Madelaine B.
245 _aTyphoon 'Lawin' to bring more damage to agriculture sector/
_cMadelaine B. Miraflor
260 _aPhilippines
_bManila Bulletin
_cc2016
300 _apage B-2.
650 0 _927391
_aNatural disaster.
942 _2ddc
_cPER